Southville International School and Colleges
Your cart is empty.
  • Cart
  • Lists
    Public lists Eva Luna New books Lux_list list_1
    Your lists Log in to create your own lists
  • Log in to your account
  • Your cookies
  • Search history
Southville International School and Colleges
  • Advanced search
  • Recent comments
  • Most popular
  • Libraries

Log in to your account

Log in with GOOGLE


If you do not have an external account, but do have a local account, you can still log in:

  1. Home
  2. MARC view: Don't be the next victim :
Normal view MARC view ISBD view

Don't be the next victim : (Record no. 358013)

[ view plain ]
MARC details
000 -LEADER
fixed length control field 00550nam a2200205Ia 4500
008 - FIXED-LENGTH DATA ELEMENTS--GENERAL INFORMATION
fixed length control field 180620s9999 xx 000 0 und d
020 ## - INTERNATIONAL STANDARD BOOK NUMBER
International Standard Book Number 0-9632355-0-8
050 ## - LIBRARY OF CONGRESS CALL NUMBER
Classification number REF HV 7431
050 ## - LIBRARY OF CONGRESS CALL NUMBER
Item number .E28 1991
100 ## - MAIN ENTRY--PERSONAL NAME
Personal name Eaves, Richard W.
245 #0 - TITLE STATEMENT
Title Don't be the next victim :
245 #0 - TITLE STATEMENT
Remainder of title 50 ways to protect yourself against crime /
245 #0 - TITLE STATEMENT
Statement of responsibility, etc Richard W. Eaves and Steven E. Watson.
260 ## - PUBLICATION, DISTRIBUTION, ETC. (IMPRINT)
Place of publication, distribution, etc [s.l.] :
260 ## - PUBLICATION, DISTRIBUTION, ETC. (IMPRINT)
Name of publisher, distributor, etc Guardian Press.,
260 ## - PUBLICATION, DISTRIBUTION, ETC. (IMPRINT)
Date of publication, distribution, etc 1991
300 ## - PHYSICAL DESCRIPTION
Extent 118 pages :
300 ## - PHYSICAL DESCRIPTION
Dimensions 17 cm.
650 ## - SUBJECT ADDED ENTRY--TOPICAL TERM
Topical term or geographic name as entry element Crime prevention.
Holdings
Withdrawn status Lost status Damaged status Home library Current library Shelving location Date acquired Total Checkouts Full call number Barcode Date last seen Price effective from Koha item type
      South Mansfield College South Mansfield College Reference Section 03/07/2005   REF HV 7431 .E28 1991 SMC02563 06/20/2018 06/20/2018  

Don't be the next victim :

APA

Eaves R. W., .Don't be the next victim. [s.l.]: .

Chicago

Eaves Richard W, .Don't be the next victim. [s.l.]: .

Harvard

Eaves R. W., .Don't be the next victim. [s.l.]: .

MLA

Eaves Richard W, .[s.l.]: . .

  • Place hold
  • Print
  • Cite
  • Add to your cart (remove)
  • Save record
    BIBTEX Dublin Core MARCXML MARC (non-Unicode/MARC-8) MARC (Unicode/UTF-8) MARC (Unicode/UTF-8, Standard) MODS (XML) RIS
  • More searches
    Search for this title in:
    Other Libraries (WorldCat) Other Databases (Google Scholar) Online Stores (Bookfinder.com) Open Library (openlibrary.org)

Exporting to Dublin Core...

SOUTHVILLE LIBRARY

Southville International School and Colleges Library

1281 Tropical Ave. Cor. Luxembourg St., BF Homes International, Las Pinas City

Tel. No. 8256374 / 252358 Loc. 117/146

Powered by Koha